Top 100 MLB Hitter Strikeout Leaders All Time - Statistics

General Stats
  • This quiz has been taken 22 times
  • The average score is 62 of 100
Answer Stats
Hint Answer % Correct
NYY 3B 94-16 Alex Rodriguez
100%
TEX C 91-11 Ivan Rodriguez
100%
CHC OF 89-05 Sammy Sosa
100%
SFG OF 86-07 Barry Bonds
93%
SFG OF 68-81 Bobby Bonds
93%
PHI OF/1B 12- Active Bryce Harper
93%
SFG OF 82-99 Chili Davis
93%
BAL 1B/DH 08-20 Chris Davis
93%
CLE 1B/DH 91-12 Jim Thome
93%
SEA OF 89-10 Ken Griffey jr
93%
CIN 1B/OF 67-82 Lee May
93%
SDP 3B 12- Active Manny Machado
93%
BOS OF 93-11 Manny Ramirez
93%
OAK 1B 87-01 Mark McGwire
93%
PHI 3B 72-89 Mike Schmidt
93%
LAA OF 12- Active Mike Trout
93%
ARZ 1B 11- Active Paul Goldschmidt
93%
OAK OF 68-87 Reggie Jackson
93%
CIN 1B/OF 01-14 Adam Dunn
86%
ATL OF 96-12 Andruw Jones
86%
BOS DH 97-16 David Ortiz
86%
LAD OF 60-73 Frank Howard
86%
NYY OF/DH 10- Active Giancarlo Stanton
86%
MIN 1B 55-75 Harmon Killebrew
86%
HOU 1B 91-05 Jeff Bagwell
86%
NYY OF 51-68 Mickey Mantle
86%
DET 1B/3B 03-23 Miguel Cabrera
86%
PHI 1B 04-16 Ryan Howard
86%
PIT 1B 62-82 Willie Stargell
86%
TEX 3B 98-18 Adrian Beltre
79%
COL 1B 85-04 Andres Galarraga
79%
HOU 2B 88-07 Craig Biggio
79%
NYM OF/1B 71-86 Dave Kingman
79%
NYY SS 95-14 Derek Jeter
79%
TPR 3B 08-23 Evan Longoria
79%
ATL 1B 10- Active Freddie Freeman
79%
PIT SS/2B 87-03 Jay Bell
79%
CIN 1B 07-23 Joey Votto
79%
PHI OF/DH 15- Active Kyle Schwarber
79%
NYY 1B 03-16 Mark Teixeira
79%
OAK OF 79-02 Rickey Henderson
79%
SFG OF 54-73 Willie Mays
79%
PIT OF 09- Active Andrew Mccutchen
71%
TOR 1B 94-09 Carlos Delgado
71%
MIL OF 13- Active Christian Yelich
71%
CHC 1B 98-11 Derrek Lee
71%
BOS OF/DH 11-24 JD Martinez
71%
NYY C 97-11 Jorge Posada
71%
OAK OF 85-01 Jose Canseco
71%
SFG 1B 59-79 Willie Mccovey
71%
CLE 1B/DH 10- Active Carlos Santana
64%
SEA 3B 2014- Active Eugenio Suarez
64%
CIN 1B/OF 56-76 Frank Robinson
64%
SFG 2B 92-08 Jeff Kent
64%
ATL OF/DH 14- Active Marcell Ozuna
64%
BAL 1B 77-97 Eddie Murray
57%
ARZ 3B 07-19 Mark Reynolds
57%
SEA OF/DH 05-23 Nelson Cruz
57%
PHI OF 14- Active Nick Castellanos
57%
CIN 1B/3B 64-86 Tony Perez
57%
CHC 2B 95-14 Alfonso Soriano
50%
NYM OF 98-17 Carlos Beltran
50%
PIT OF 73-91 Dave Parker
50%
NYY OF 73-95 Dave Winfield
50%
MIN 1B/3B 82-00 Gary Gaetti
50%
NYY 1B/DH 95-14 Jason Giambi
50%
STL OF 93-08 Jim Edmonds
50%
STL OF 62-79 Lou Brock
50%
TBR 1B 02-14 Carlos Pena
43%
PHI 1B/3B 64-77 Dick Allen
43%
ATL 1B 86-04 Fred Mcgriff
43%
PHI OF 72-84 Greg Luzinski
43%
CHW OF/DH 80-00 Harold Baines
43%
SFG 1B/OF 77-92 Jack Clark
43%
LAD OF 06-20 Matt Kemp
43%
LAA OF 99-15 Tori Hunter
43%
CHC OF 77-95 Andre Dawson
36%
BOS OF/1B 73-91 Dwight Evans
36%
MLN 3B 52-67 Eddie Mathews
36%
PHI 1B/OF 00-11 Pat Burrell
36%
KCR OF 07-20 Alex Gordon
29%
DET OF 04-19 Curtis Granderson
29%
ATL OF 76-93 Dale Murphy
29%
MIL OF 89-02 Greg Vaughn
29%
CIN OF 08-21 Jay Bruce
29%
WSH OF 04-17 Jayson Werth
29%
DET C 78-94 Lance Parrish
29%
SEA OF 95-11 Mike Cameron
29%
TEX 1B/C 06-17 Mike Napoli
29%
CIN OF 92-07 Reggie Sanders
29%
OAK UTL 83-99 Tony Phillips
29%
TBR OF 04-16 BJ Upton
21%
PHI OF 96-12 Bobby Abreu
21%
TOR OF 87-01 Devon White
21%
ARZ OF 07-22 Justin Upton
21%
PHI 2B/OF 84-98 Juan Samuel
14%
STL OF 90-02 Ray Lankford
14%
LAD OF 67-83 Rick Monday
14%
CLE SS 03-16 Jhonny Peralta
7%
CLE OF 06-20 Shin-Soo Choo
7%
No matching quizzes found
Score Distribution
Percent of People with Each Score
Percentile by Number Answered
Your Score History
You have not taken this quiz